Statistics for Multiples of 22 Quiz

Click here to take the quiz!

General Stats

  • This quiz has been taken 70 times
  • The average score is 24 of 25

Answer Stats

Answer% Correct
22
100%
44
100%
66
100%
88
100%
110
98%
132
98%
154
96%
176
96%
198
96%
220
96%
242
96%
264
96%
286
96%
308
96%
330
96%
352
96%
374
96%
396
96%
418
96%
440
96%
462
94%
484
94%
506
94%
528
94%
550
94%

Score Distribution

Percentile by Number Answered

Percent of People with Each Score

Your Score History

You have not taken this quiz